000 00462nam a22001817a 4500
003 NUST-PNEC
005 20170116181011.0
008 141002b xxu||||| |||| 00| 0 eng d
020 _a8125600736
040 _cLIBRARY
082 _a670.423 BAL
100 _9507
_aBali, S.P
245 _aElectronic project
_cS.P. Bali
260 _aNew Delhi
_cc.1995
300 _a571 p. :
_bill. ;
_c13 cm.
650 _xEE
_910166
_bElectronic engineering
942 _2ddc
_cBK
999 _c67087
_d67087